000 00631nam a2200217Ii 4500
003 JO-AjNU
008 230606s9999||||xx |||||||||||||| ||und||
020 _a978-3-030-90951-2
040 _aJO-AjNU
_beng
_erda
_cJO-AjNU
041 _aeng
050 1 4 _aQA221 2021
100 3 _aAlimov,Alexey R, Igor G. Tsar,kov,
_eauthor
_96627
245 0 0 _aGeometric Approximation Theory
264 3 1 _aNew-york,springer,2021
300 _a508p
336 _atext
_btxt
_2rdacontent
337 _aunmediated
_bn
_2rdamedia
338 _avolume
_bnc
_2rdacarrier
490 0 _aspringer Monographs in Mathematics
650 4 _aGeometric
_96628
999 _aE3440
_c3434
_d3434